Pháp luật về dịch vụ đưa người lao động Việt Nam đi làm việc ở nước ngoài : Luận văn Thạc sỹ Luật học. Chuyên ngành Luật kinh tế

Làm rõ những vấn đề còn tồn tại của dịch vụ đưa người lao động Việt Nam đi làm việc ở nước ngoài trong những năm qua. Từ đó đề xuất một số giải pháp nhằm hoàn thiện pháp luật Việt Nam, cũng như nâng cao hiệu quả của hoạt động đưa n...

Volledige beschrijving

Bewaard in:
Bibliografische gegevens
Hoofdauteur: Nguyễn, Thị Chúc Linh
Formaat: Boek
Taal:Undetermined
Gepubliceerd in: Cần Thơ Trường Đại học Cần Thơ 2017
Onderwerpen:
Tags: Voeg label toe
Geen labels, Wees de eerste die dit record labelt!
Thư viện lưu trữ: Trung tâm Học liệu Trường Đại học Cần Thơ
LEADER 01454nam a2200229Ia 4500
001 CTU_221492
008 210402s9999 xx 000 0 und d
082 |a 344.59701 
082 |b L312 
088 |a 60380107 
100 |a Nguyễn, Thị Chúc Linh 
245 0 |a Pháp luật về dịch vụ đưa người lao động Việt Nam đi làm việc ở nước ngoài : 
245 0 |b Luận văn Thạc sỹ Luật học. Chuyên ngành Luật kinh tế 
245 0 |c Nguyễn Thị Chúc Linh ; Đoàn Thị Phương Diệp (Cán bộ hướng dẫn) 
260 |a Cần Thơ 
260 |b Trường Đại học Cần Thơ 
260 |c 2017 
520 |a Làm rõ những vấn đề còn tồn tại của dịch vụ đưa người lao động Việt Nam đi làm việc ở nước ngoài trong những năm qua. Từ đó đề xuất một số giải pháp nhằm hoàn thiện pháp luật Việt Nam, cũng như nâng cao hiệu quả của hoạt động đưa người lao động Việt Nam đi làm việc ở nước ngoài trong điều kiện thực tiễn hiện nay. 
650 |a Luật và pháp luật về lao động,Labor laws and legislation 
650 |z Việt Nam,Vietnam 
904 |i My,Hải 
980 |a Trung tâm Học liệu Trường Đại học Cần Thơ